[Event "3rd Sharjah Masters 2019"]
[Site "Sharjah"]
[Date "2019.03.25"]
[Round "4.10"]
[White "Nguyen, Anh Khoi"]
[Black "Ganguly, Surya Shekhar"]
[Result "1-0"]
[WhiteElo "2484"]
[BlackElo "2633"]
[Annotator "TA"]
[PlyCount "81"]
[EventDate "2019.03.22"]
[EventType "swiss"]
[EventCountry "UAE"]
[SourceTitle "playchess.com"]
[Source "ChessBase"]
[SourceQuality "1"]

{[%evp 20,81,22,31,31,20,31,-2,0,-18,-24,-8,-5,-1,31,5,18,0,0,0,0,-33,-35,-35,0,-58,-49,-47,-66,-77,-83,-60,-62,-120,42,25,192,196,195,191,191,191,197,194,191,191,159,111,220,177,415,436,393,431,745,721,5061,5061,1830,1776,1870,1743,1325,1163]} 1. d4 Nf6 2. c4 g6 3. Nc3 Bg7 4. e4 d6 5. Nge2 O-O 6. f3 c5 7. d5 e6 8. Ng3 exd5 9. cxd5 a6 10. a4 Nbd7 11. Be2 Ne8 {A65: Modern Benoni: 6 e4} 12. O-O (12. Bf4 Rb8 13. O-O c4 14. Bxc4 Qb6+ 15. Rf2 Bd4 16. Qd2 Ne5 17. Bf1 Bxf2+ 18. Qxf2 Qxf2+ 19. Kxf2 {½-½ (32) Carlsen,M (2835)-Nepomniachtchi,I (2763) Wijk aan Zee 2019}) 12... Rb8 13. f4 Nc7 {The position is equal.} 14. e5 f5 15. exf6 Nxf6 16. f5 gxf5 $146 (16... Bxf5 $5 17. Nxf5 gxf5 $14) ({Predecessor:} 16... Bxf5 17. Nxf5 gxf5 18. Rxf5 b5 19. axb5 axb5 {½-½ (35) Jørgensen,B (2324)-Eljoseph,H (2373) ICCF email 2016}) 17. Bg5 Qe8 18. Nxf5 Bxf5 19. Rxf5 b5 {White must now prevent ...b4.} 20. axb5 (20. Bd3 $5 {[%cal Ra4b5]}) 20... axb5 {[%cal Ba6b5,Bb5b4][%mdl 32]} 21. Bd3 c4 22. Bb1 (22. Bc2 $11) 22... b4 $15 23. Ne2 h6 24. Bc1 Ncxd5 $1 {aiming for ...Ne3.} 25. Rf3 ({Avoid the trap} 25. Rxd5 $2 Nxd5 26. Qxd5+ Kh8 $19) 25... Qe5 26. Ra7 {[#]} (26. Qc2 $1 $15 Rf7 27. Qxc4) 26... Rbe8 $2 (26... Ra8 $1 $17 {[%cal Ra8a7]} 27. Rb7 Ne4) 27. Qc2 $1 $36 {[%mdl 2048] White wants to mate with Rxg7+! White has the initiative.} Qe4 $2 {[#]} (27... Qxe2 {[#]} 28. Rxg7+ $1 {[%mdl 512]} Kxg7 29. Qg6+ Kh8 30. Qxh6+ Kg8 31. Qg6+ Kh8 32. Rh3+ Qh5 33. Rxh5+ Nxh5 34. Qh7#) (27... h5 $11) 28. Rxg7+ $1 $18 {[%mdl 512]} Kxg7 {[#]} 29. Bxh6+ $1 {[%mdl 512]} Kxh6 30. Qd2+ Qe3+ 31. Rxe3 Nxe3 32. Qxd6 Kg7 {Strongly threatening ...Rd8.} 33. h3 Rf7 (33... Nxg2 $16 {was worth a try.} 34. Nd4 Ne3) 34. Nd4 {Ne6+ is the strong threat.} ({Stronger than} 34. Qxb4 Rd8 $11) 34... Rd7 $2 (34... Nfd5 {keeps fighting.}) 35. Qg3+ Kf8 36. Qh4 Kf7 (36... Ned5 $142 37. Qh6+ Ke7) 37. Qg5 Rxd4 38. Bg6+ {[%mdl 64] Skewer} Ke6 39. Qxe3+ {[%mdl 64] Double Attack} Re4 40. Bxe4 Kf7 41. Qa7+ {Accuracy: White = 66%, Black = 52%.} 1-0

[Event "3rd Sharjah Masters 2019"]
[Site "Sharjah"]
[Date "2019.03.25"]
[Round "4.11"]
[White "Adly, Ahmed"]
[Black "Nasanjargal, Urtnasan"]
[Result "1-0"]
[WhiteElo "2611"]
[BlackElo "2503"]
[Annotator "TA"]
[PlyCount "121"]
[EventDate "2019.03.22"]
[EventType "swiss"]
[EventCountry "UAE"]
[SourceTitle "playchess.com"]
[Source "ChessBase"]
[SourceQuality "1"]

{[%evp 16,121,27,36,54,35,36,33,47,47,49,47,47,47,49,47,46,25,47,43,45,38,45,45,37,37,43,37,125,114,114,116,138,109,171,96,172,122,127,88,198,193,183,169,175,117,155,150,164,165,174,160,165,167,187,181,181,183,172,0,181,182,208,208,201,0,192,192,192,192,192,192,192,192,192,155,192,192,203,195,397,390,393,387,693,643,920,890,1437,1329,2473,2044,29960,29967,29969,29969,29968,29970,29969,29971,29971,29972,29972,29973,29971,29974,29973,29975]} 1. d4 g6 2. g3 Bg7 3. Bg2 d5 (3... d6 4. e4 Nf6 5. Nc3 O-O 6. Nge2 Nc6 7. h3 a6 8. O-O e5 9. Be3 exd4 10. Nxd4 Bd7 11. Nde2 Re8 12. g4 Be6 13. Ng3 b5 14. Nd5 Bxd5 15. exd5 {½-½ (86) Huzman,A (2580)-Guseinov,G (2664) St Petersburg 2018}) 4. c4 c6 5. cxd5 cxd5 6. Nc3 {A40: Unusual replies to 1 d4} e6 7. h4 Nc6 8. Nf3 h6 9. Bf4 {LiveBook: 3 Games} Qb6 10. O-O $146 ({Predecessor:} 10. Na4 Qb4+ 11. Bd2 Qe7 12. e3 Nf6 13. Ne5 Nxe5 14. dxe5 Ne4 15. Bxe4 dxe4 {½-½ (24) Vukic,M (2495)-Blagojevic,D (2446) Vrnjacka Banja 1999}) 10... Nge7 11. Qb3 Bd7 12. Qxb6 axb6 13. e3 O-O 14. Rfc1 Rfc8 15. Bf1 f6 {...e5 is the strong threat.} 16. Bd6 Nf5 17. Ba3 Bf8 18. Bxf8 Kxf8 19. g4 Nd6 20. g5 hxg5 21. hxg5 f5 (21... fxg5 $14 22. Nxg5 Ke7) 22. Ne2 $16 Be8 23. Nf4 Bf7 24. Kg2 Kg7 (24... b5 $16) 25. Be2 (25. a4 $1 $18) 25... Nb4 (25... b5 $16 {was necessary.}) 26. Ne5 Ne4 27. a3 Rxc1 (27... Nc6 $16 {is a better defense.}) 28. Rxc1 $18 Nc6 29. Nf3 ({Don't do} 29. Nxc6 $6 Rc8 $16) 29... Nd6 30. Bd3 (30. Rc3 $18) 30... Rc8 31. Rc3 Na7 {intending ...Rxc3.} 32. Rxc8 Naxc8 33. Ne5 Na7 34. Nd7 Ndc8 35. Kf1 Nc6 36. Bb5 N6a7 37. Bd3 Nc6 38. Ke1 Be8 39. Nf6 Bf7 40. Nd7 Be8 $1 {[%cal Re8d7]} 41. Nxe6+ Kf7 42. Nf6 $1 {Threatens to win with Nc7.} Kxe6 43. Nxe8 {[%mdl 4096] Endgame KBN-KNN} Kd7 44. Nf6+ Ke6 45. Bb1 Nd6 46. Ba2 Ne7 47. f3 b5 $2 (47... Nb5 48. Ke2 Kd6) 48. e4 Nc4 {[#]} 49. a4 $1 {[%cal Ba3a4,Ba4b5][%mdl 32]} Nxb2 $2 (49... fxe4 50. fxe4 Kd6 51. axb5 Nb6) 50. axb5 Nd3+ 51. Kd2 Nf4 52. Nxd5 Nexd5 53. Bxd5+ Nxd5 54. exd5+ {White mates.} Kxd5 {KP-KP} 55. Kc3 f4 {[#]} 56. Kd3 $1 b6 57. Kc3 Ke6 58. Kc4 Kd6 59. d5 Ke5 {[#]} 60. d6 $1 {[%mdl 512]} Kxd6 61. Kd4 {Precision: White = 78%, Black = 46%.} 1-0

[Event "3rd Sharjah Masters 2019"]
[Site "Sharjah"]
[Date "2019.03.25"]
[Round "4.12"]
[White "Lorparizangeneh, Shahin"]
[Black "Zubov, Alexander"]
[Result "0-1"]
[WhiteElo "2493"]
[BlackElo "2605"]
[Annotator "TA"]
[PlyCount "112"]
[EventDate "2019.03.22"]
[EventType "swiss"]
[EventCountry "UAE"]
[SourceTitle "playchess.com"]
[Source "ChessBase"]
[SourceQuality "1"]

{[%evp 10,112,41,38,31,15,5,8,37,41,44,39,33,46,45,38,36,35,35,43,45,32,30,28,29,32,43,12,29,37,60,50,39,42,41,45,55,57,70,38,56,62,89,101,125,35,50,0,0,0,0,-22,-22,-28,0,0,0,-47,-52,-51,-46,-47,-54,-135,-25,-31,-25,-37,-17,-12,-20,-87,-83,-87,0,-29,0,-90,-71,-62,-61,-473,-452,-6087,-6079,-29971,-29961,-5193,-454,-29983,-29984,-29981,-335,-652,0,-29981,-29982,-29984,-873,-936,0,-29984,-29984,-29976,-5535]} 1. e4 c5 2. Nf3 d6 3. Bb5+ Nc6 4. O-O Bd7 5. Re1 Nf6 6. c3 a6 {B51: Sicilian: Moscow Variation (3 Bb5+) without 3...Bd7} 7. Bc4 Bg4 8. d4 e6 {The position is equal.} (8... cxd4 9. cxd4 Bxf3 10. gxf3 Rc8 11. Nc3 e5 12. Be3 Nxd4 13. Bf1 Ne6 14. Qb3 {½-½ (30) Bartel,M (2600)-Naiditsch,A (2736) Germany 2018}) 9. d5 Ne5 10. Be2 Bxf3 11. Bxf3 exd5 12. exd5 Be7 13. a4 $146 ({Predecessor:} 13. Bf4 Nfd7 14. Bg4 O-O 15. Bxd7 Nxd7 16. a4 {1-0 (40) Chigaev,M (2559)-Tihonov,J (2402) Minsk 2017}) 13... O-O 14. Be2 Re8 15. Na3 Bf8 16. Bg5 h6 17. Bh4 Ng6 18. Bg3 Ne7 19. Qd3 g6 20. h3 Rb8 21. Bf3 Nf5 22. Bh2 Rxe1+ 23. Rxe1 h5 $1 24. g4 hxg4 25. hxg4 Nh4 26. Bd1 $1 g5 {[#]} 27. f4 (27. Bg3 $1 $16) 27... Ng6 28. f5 Ne5 29. Bxe5 dxe5 30. Rxe5 Bd6 31. Re1 Kg7 {Threatening ...Qh8.} 32. Nc4 Bf4 33. Kg2 b5 34. axb5 axb5 35. Ne3 Qd6 {[%mdl 1024] Black has compensation.} 36. Bf3 (36. Nf1 $1 $15) 36... Rh8 ({Black should play} 36... Re8 $17 {Strongly threatening ...Bh2.} 37. Nc2 Rh8) 37. Rh1 $11 Re8 38. Nc2 b4 39. cxb4 cxb4 40. Re1 (40. Qc4 $11 {keeps the balance.}) 40... Rh8 $17 {aiming for ...Rh2+.} 41. Rh1 Re8 (41... Bh2 $17 {...Qg3+ is the strong threat.} 42. Kf1 Rh3) 42. Re1 $11 Rh8 (42... Rc8 $11) 43. Rh1 $1 $17 Rc8 44. Nd4 Qe5 45. Rd1 $2 {[%mdl 8192] [#]} (45. Ne2 $15) 45... Rh8 $1 $19 {[%cal Rh8h2]} 46. Rh1 (46. Ne2 $142 Rh2+ 47. Kf1) 46... Rxh1 47. Kxh1 Qe1+ 48. Kg2 Be3 (48... Qg3+ $142 49. Kf1 Nxg4 50. f6+ Kg8 51. Bxg4 Qxd3+ 52. Ne2 Qb1+ 53. Kf2 Qxb2) 49. Qd1 (49. Qf1 $19 Qxf1+ 50. Kxf1 Bxd4 51. b3) 49... Qf2+ {[%mdl 64] Double Attack} 50. Kh1 Qh4+ (50... Bxd4 $142 51. d6 b3 52. d7 Nxd7 53. Be4 Bxb2 54. Qf3 Qe1+ 55. Kh2 Nc5 56. f6+ Bxf6 57. Bd5 b2 58. Ba2 Ne6 59. Kg2 Nf4+ 60. Qxf4 gxf4 61. g5 Qe2+ 62. Kh3 Qf3+ 63. Kh2 Qg3+ 64. Kh1 Qh3+ 65. Kg1 Bd4#) 51. Kg2 Qf2+ $40 {[%mdl 128] Black mounts an attack.} (51... Kg8 $19 52. Nc2 Qf2+ 53. Kh1 Bc5) 52. Kh1 $1 Bxd4 53. b3 Qh4+ (53... Bc5 $142 54. d6 Qg3 55. Qf1 Bxd6 56. Qg2 Qe1+ 57. Qg1 Qh4+ 58. Kg2 Qg3+ 59. Kf1 Qxf3+ {[%mdl 64] Double Attack} 60. Qf2 Qd1+ 61. Qe1 Qxg4 62. Qf2 Qd1+ 63. Qe1 Qxb3 64. Qe2 Qh3+ 65. Ke1 Qh1+ 66. Kd2 Bf4+ 67. Kc2 Qc1+ 68. Kb3 Qa3+ 69. Kc4 Qa6+ 70. Kc5 Qxe2 71. Kxb4 Qb2+ 72. Kc5 Bc7 73. Kc4 Ba5 74. Kd3 Qd2+ 75. Kc4 Qd5#) 54. Kg2 Qf2+ (54... Bf2 $19 55. Qh1 Qg3+ 56. Kf1 Bd4) 55. Kh1 Be5 {[%csl Ge5][%cal Rf2h2]} 56. Qe2 Qxe2 {Accuracy: White = 51%, Black = 48%.} (56... Qg3 $142 57. Qg2 Qe1+ 58. Qg1 Qh4+ 59. Kg2 Qg3+ 60. Kf1 Qxf3+ {[%mdl 64] Double Attack} 61. Qf2 Qxb3 62. Qd2 Qh3+ 63. Ke2 Qxg4+ {[%mdl 64] Double Attack} 64. Kf1 b3 65. Ke1 Qe4+ 66. Qe2 Qxe2+ 67. Kxe2 b2 68. Kd3 b1=Q+ 69. Kd2 Ne4+ 70. Ke3 Qc2 71. f6+ Nxf6 72. d6 g4 73. d7 Nd5#) 0-1

[Event "3rd Sharjah Masters 2019"]
[Site "Sharjah"]
[Date "2019.03.25"]
[Round "4.13"]
[White "Idani, Pouya"]
[Black "Iniyan, P."]
[Result "1-0"]
[WhiteElo "2604"]
[BlackElo "2487"]
[Annotator "TA"]
[PlyCount "55"]
[EventDate "2019.03.22"]
[EventType "swiss"]
[EventCountry "UAE"]
[SourceTitle "playchess.com"]
[Source "ChessBase"]
[SourceQuality "1"]

{[%evp 15,55,54,47,16,16,15,16,11,39,26,33,33,37,37,68,51,45,43,51,58,59,52,70,75,79,62,84,85,122,118,151,146,208,213,302,284,339,339,487,357,342,354]} 1. d4 Nf6 2. c4 g6 3. g3 Bg7 4. Bg2 O-O 5. Nf3 d6 6. Nc3 Nc6 7. O-O Bg4 8. d5 Na5 9. Qa4 {E62: King's Indian: Fianchetto: 6...c6 and Panno Variation (6...Nc6) without ...a6} (9. b3 c5 10. dxc6 bxc6 11. Bb2 Rb8 12. Qd2 Qc7 13. Rad1 Rfd8 14. h3 Be6 15. Ba1 Nb7 16. Nd4 Bd7 17. Kh2 Nc5 {0-1 (81) Navara,D (2737)-Nakamura,H (2792) Saint Louis 2017}) 9... c5 10. dxc6 Nxc6 11. Be3 {The position is equal.} Nd7 $146 ({Predecessor:} 11... Bd7 12. Qd1 Qa5 13. h3 Rfc8 14. Rc1 Rab8 15. b3 a6 16. Bd2 Qd8 {½-½ (34) Grabarczyk,M (2461)-Marszalek,M (2387) Wloclawek 2007}) 12. Qc2 Qa5 13. Rac1 Rfc8 14. Qd2 a6 15. b3 Nc5 16. h3 Bxc3 17. Qxc3 Qxc3 18. Rxc3 Bxf3 19. exf3 a5 20. Rb1 Ne6 21. f4 a4 {[#]} 22. b4 $1 {[%cal Bb3b4,Bb4b5][%mdl 32]} Ncd4 {aiming for ...Ne2+.} 23. Kf1 Rc7 (23... Nc6 $16 24. b5 Ncd8) 24. b5 $18 Kf8 {[#]} (24... Rac8 $142 25. Bd5 Kg7) 25. g4 $1 Ke8 26. Bd5 f5 (26... Kf8 {is a better defense.} 27. b6 Rd7) 27. Rd1 Nxb5 28. Rcc1 {Accuracy: White = 85%, Black = 30%.} ({Don't play} 28. cxb5 Rxc3 29. Bxe6 Rc2 $18) 1-0

[Event "3rd Sharjah Masters 2019"]
[Site "Sharjah"]
[Date "2019.03.25"]
[Round "4.14"]
[White "Dimakiling, Oliver"]
[Black "Gupta, Abhijeet"]
[Result "0-1"]
[WhiteElo "2423"]
[BlackElo "2602"]
[Annotator "TA"]
[PlyCount "70"]
[EventDate "2019.03.22"]
[EventType "swiss"]
[EventCountry "UAE"]
[SourceTitle "playchess.com"]
[Source "ChessBase"]
[SourceQuality "1"]

{[%evp 12,70,-11,-15,-20,-14,-20,-13,-8,-25,-15,-15,-16,-34,-23,-16,19,14,12,0,0,-194,-133,-250,-235,-230,-239,-293,-313,-305,-308,-464,-449,-560,-563,-556,-553,-626,-606,-1314,-1318,-1308,-1312,-1285,-1277,-1188,-900,-893,-884,-860,-868,-1078,-1061,-29992,-29992,-29995,-29996,-29996,-29997,-29998,-29999]} 1. Nf3 Nf6 2. d4 g6 3. Bf4 Bg7 4. c3 d6 5. h3 O-O 6. Nbd2 Nbd7 7. e4 e5 {A48: 1 d4 Nf6 2 Nf3 g6: Torre, London and Colle Systems} 8. dxe5 dxe5 9. Be3 Qe7 {The position is equal.} 10. Qc2 (10. Bc4 b6 11. O-O Bb7 12. Re1 Nc5 13. Bxc5 Qxc5 14. b4 Qe7 15. a4 {½-½ (69) Kamsky,G (2741)-Guseinov,G (2631) Khanty-Mansiysk 2013}) 10... b6 11. Bc4 Bb7 12. b4 $146 ({Predecessor:} 12. O-O Nc5 13. Ng5 h6 14. b4 hxg5 15. bxc5 {0-1 (34) Kacirek,P (2384)-Langner,L (2378) Czechia 2007}) 12... Kh8 13. O-O Nh5 14. Rfe1 f5 {...f4 is the strong threat.} 15. exf5 gxf5 16. Ng5 $2 {[#]} (16. Bg5 $11 Qe8 17. Nh4) 16... h6 (16... Bh6 $1 $19 {[%cal Rh6g5]} 17. Nf7+ {[%mdl 64] Discovered Attack} Rxf7 18. Bxh6 Rg7 19. Bxg7+ (19. Qxf5 $2 Rxg2+ 20. Kf1 Qh4 $19) 19... Qxg7) 17. Qd1 (17. Ne6 $17 f4 18. Nxf8 Rxf8 19. Bxb6 axb6 20. Be2) 17... f4 $19 {[%mdl 64] Trapped Piece} 18. Ne6 fxe3 $40 {[%mdl 128] White is in trouble.} 19. Rxe3 Nf4 ({Less strong is} 19... Qh4 20. Nxf8 Rxf8 21. Qe1 $17) 20. Nxf8 Rxf8 ({Much less strong is} 20... Qxf8 21. Bf1 $17) ({Not} 20... Nxf8 21. Ne4 $17) (20... Bxf8 21. Qc2 $17) 21. Nf3 (21. Bf1 $142) 21... e4 22. Nh2 Ne5 23. Bf1 Nd5 24. Rg3 {[#]} e3 $1 {[%mdl 512]} 25. Qb3 (25. fxe3 Nxc3) 25... Qf6 26. f3 Qh4 27. Rxg7 Kxg7 28. c4 {[#]} e2 $1 29. Qb2 (29. Bxe2 Qd4+) 29... exf1=Q+ 30. Rxf1 Qf6 {Threatens to win with ...Nxf3+!} 31. Qa3 Nf4 32. Qxa7 Ne2+ {Black mates.} 33. Kf2 Nd3+ {[%mdl 64] Double Attack} 34. Kxe2 Qb2+ {[%mdl 64] Double Attack} 35. Kxd3 Rd8+ {Accuracy: White = 34%, Black = 90%.} 0-1

[Event "3rd Sharjah Masters 2019"]
[Site "Sharjah"]
[Date "2019.03.25"]
[Round "4.15"]
[White "Pichot, Alan"]
[Black "Vokhidov, Shamsiddin"]
[Result "1/2-1/2"]
[WhiteElo "2584"]
[BlackElo "2494"]
[Annotator "TA"]
[PlyCount "53"]
[EventDate "2019.03.22"]
[EventType "swiss"]
[EventCountry "UAE"]
[SourceTitle "playchess.com"]
[Source "ChessBase"]
[SourceQuality "1"]

{[%evp 18,53,17,27,25,5,0,0,6,0,21,8,13,13,24,0,0,0,0,0,0,0,0,0,0,0,2,0,5,0,9,8,8,8,43,0,0,0]} 1. e4 e5 2. Nf3 Nc6 3. Bb5 Nf6 4. O-O Nxe4 5. Re1 Nd6 6. Nxe5 Nxe5 7. Rxe5+ Be7 8. Bf1 O-O 9. d4 Bf6 10. Re1 Re8 {C67: Ruy Lopez: Berlin Defence: 4 0-0 Nxe4} 11. Rxe8+ (11. c3 Rxe1 12. Qxe1 Nf5 13. Bf4 d6 14. Nd2 Be6 15. Ne4 Be7 16. Qd2 c6 17. Bd3 Qd7 18. Ng5 Bxg5 19. Bxg5 h6 20. Bf4 g5 21. Bxf5 Bxf5 22. Bg3 d5 23. Re1 {½-½ (23) Nepomniachtchi,I (2763)-Radjabov,T (2757) Wijk aan Zee 2019}) 11... Nxe8 12. d5 c6 13. g3 $146 ({Predecessor:} 13. Nc3 Nc7 14. d6 Ne6 15. Ne4 b6 16. Nxf6+ Qxf6 17. c3 Bb7 18. Be3 {0-1 (47) Hansen,T (2419)-Klein,D (2492) chess.com INT 2019}) 13... cxd5 14. Qxd5 d6 15. Bg2 Qe7 {[#] And now ...Qe1+ would win.} 16. Qe4 (16. Nd2 {feels hotter.} Qe1+ 17. Bf1 Bh3 18. c3 Rc8 19. Qe4) 16... Be6 17. Nc3 ({Reject} 17. Qxb7 Qxb7 18. Bxb7 Rb8 $15) 17... Bxc3 18. bxc3 d5 19. Qd4 Qf6 20. Be3 Qxd4 21. Bxd4 Nd6 22. a4 a6 23. Rb1 b5 24. Ra1 Rc8 25. Bf1 h6 26. f3 Bd7 27. axb5 {Accuracy: White = 73%, Black = 47%.} 1/2-1/2

[Event "3rd Sharjah Masters 2019"]
[Site "Sharjah"]
[Date "2019.03.25"]
[Round "4.16"]
[White "Yakubboev, Nodirbek"]
[Black "Praveen Kumar C"]
[Result "1/2-1/2"]
[WhiteElo "2569"]
[BlackElo "2243"]
[Annotator "TA"]
[PlyCount "91"]
[EventDate "2019.03.22"]
[EventType "swiss"]
[EventCountry "UAE"]
[SourceTitle "playchess.com"]
[Source "ChessBase"]
[SourceQuality "1"]

{[%evp 15,91,32,31,23,41,31,41,31,33,16,54,45,52,44,69,0,63,60,67,65,64,46,68,67,71,51,53,59,76,61,84,72,107,102,104,100,130,73,105,77,77,77,77,77,120,124,122,0,0,0,0,0,0,0,0,0,0,-23,0,-63,0,-27,0,-31,0,-56,0,-40,0,-24,0,-25,0,-25,0,0,0,0]} 1. d4 d5 2. c4 c6 3. Nf3 Nf6 4. e3 Bf5 5. Nc3 e6 6. Nh4 Be4 7. f3 Bg6 8. Qb3 Qc7 9. Bd2 {D12: Slav Defence: 3 Nf3 Nf6 4 e3 Bf5} Nbd7 (9... Be7 10. Rc1 Nbd7 11. g3 dxc4 12. Bxc4 O-O 13. Nxg6 hxg6 14. Be2 a6 15. O-O b5 16. a4 Qb6 17. axb5 axb5 {0-1 (28) Roiz,M (2605)-Giri,A (2783) St Petersburg 2018}) 10. Rc1 Rc8 11. g3 {White is slightly better.} Be7 12. Kf2 O-O 13. Nxg6 hxg6 14. cxd5 exd5 15. Bd3 {[#]} ({White should try} 15. Bh3 $14) 15... Qb6 $146 ({Better is} 15... Rfd8 $11) ({Predecessor:} 15... Qb8 16. Kg2 b5 {½-½ (42) Ivanov,J (2406)-Mirzoev,A (2551) Seville 2004}) 16. Qxb6 axb6 17. a4 Rfd8 18. Ne2 Nb8 {[%cal Bd7b8,Bb8c6,Bc6a5,Ba5c4][%mdl 32]} 19. h4 c5 20. Nc3 Nc6 21. Nb5 Na5 22. Bc2 Nc4 23. Bc3 Re8 24. g4 Bf8 25. g5 Nh5 26. Rce1 (26. Rhe1 $142) 26... Nd6 27. Bd3 Nf5 28. Rhg1 Re6 29. Rg4 Bd6 30. Nxd6 Nxd6 31. b4 (31. dxc5 $16 bxc5 32. Bb1) 31... c4 $11 32. Bc2 b5 33. a5 Rce8 34. Rgg1 R6e7 35. Rg4 Re6 36. Re2 R6e7 37. Ba1 {[#]} (37. Re1 $11) 37... Re6 (37... b6 $1 $15 {[%mdl 512]} 38. Bc3 (38. axb6 Nc8) 38... Rb7) 38. Bb2 R6e7 39. Bc3 Re6 40. Ba1 (40. Bb2 $11) 40... R6e7 (40... b6 $5 41. axb6 Nc8 $11) 41. Bc3 Re6 42. Re1 R6e7 43. Bb1 Re6 44. Rgg1 R6e7 45. Rg4 Re6 46. Bc2 {Accuracy: White = 46%, Black = 31%.} 1/2-1/2

[Event "3rd Sharjah Masters 2019"]
[Site "Sharjah"]
[Date "2019.03.25"]
[Round "4.17"]
[White "Vignesh, N R"]
[Black "Abdusattorov, Nodirbek"]
[Result "1/2-1/2"]
[WhiteElo "2476"]
[BlackElo "2560"]
[Annotator "TA"]
[PlyCount "149"]
[EventDate "2019.03.22"]
[EventType "swiss"]
[EventCountry "UAE"]
[SourceTitle "playchess.com"]
[Source "ChessBase"]
[SourceQuality "1"]

{[%evp 12,149,20,18,13,0,13,0,6,-7,0,-8,-8,-6,0,0,0,0,0,-15,0,0,-2,0,0,0,0,-16,0,0,9,0,19,12,8,0,29,22,32,22,33,22,28,0,0,-15,-12,-15,-17,-12,-10,-20,-13,-7,0,-8,-8,-34,-10,-11,-12,-12,-14,-16,-8,-9,-11,-18,-2,-2,-2,-2,-4,-4,-4,-4,-4,-4,-4,-5,-2,-6,-2,-2,0,0,0,0,0,0,0,0,0,-31,-31,-31,-31,-31,-31,-31,-31,-31,-31,-31,-31,-31,-31,-31,-31,-83,-72,-72,-73,-72,-72,-73,-73,-73,-74,-73,-81,-129,-83,-83,-83,-83,-83,-83,-88,-91,-59,-59,-59,-59,-8,-8,-8,-8,-8,-8]} 1. d4 Nf6 2. Nf3 e6 3. c4 b6 4. g3 Bb7 5. Bg2 Be7 6. O-O O-O 7. Re1 d5 {E17: Queen's Indian: 4 g3 Bb7 5 Bg2 Be7} (7... Qc8 8. Nc3 Ne4 9. Bd2 f5 10. Rc1 d6 11. d5 e5 12. Bh3 Nxd2 13. Nxd2 g5 14. f3 g4 15. fxg4 fxg4 {½-½ (26) Ivanchuk,V (2717)-Andreikin,D (2719) Sitges 2018}) 8. Ne5 c5 9. cxd5 Bxd5 $146 ({Predecessor:} 9... Nxd5 10. dxc5 Bxc5 11. Nd3 Nd7 12. Nxc5 Nxc5 13. Bd2 Qc7 14. b4 Nd7 15. Na3 {½-½ (31) Czerw,D (2286)-Mosesov,D (2284) Lvov 2018}) 10. dxc5 Bxc5 11. Nd3 Bxg2 12. Kxg2 Qd5+ 13. f3 $1 Be7 14. Nc3 Qb7 15. Qa4 Nc6 16. Be3 Rfd8 17. Rac1 Rac8 18. Red1 a6 19. b4 Ng4 20. Bg1 $1 (20. fxg4 $2 b5 $19) 20... b5 21. Qb3 Nd4 22. Qb1 $1 Nf5 $132 {[%mdl 2048] Black is fighting back} 23. Nc5 Nge3+ 24. Kh1 $1 Qa8 25. Rxd8+ Rxd8 26. Qe4 h5 27. Qxa8 (27. Bxe3 {seems wilder.} Qxe4 28. N3xe4 Nxe3 29. Nxa6 h4 30. Kg1) 27... Rxa8 28. Nd1 Nxd1 29. Rxd1 a5 30. bxa5 Rxa5 31. Rd2 Nd6 32. Nb3 Ra4 33. Bc5 Nc4 34. Rc2 Bf6 (34... Kf8 {feels hotter.} 35. Bf2 Ke8 36. h3 f5 37. f4 Nd6) 35. Nd2 Nxd2 36. Rxd2 $11 {[%mdl 4096] Endgame KRB-KRB} Rc4 37. Bf2 g5 38. Kg2 Kg7 39. h3 g4 40. hxg4 hxg4 41. fxg4 Rxg4 42. Rd3 Ra4 43. a3 Re4 44. Kf1 Kg6 45. Rb3 Re5 46. Be1 Bg5 47. Kf2 f5 48. Kf3 Kh5 49. Bf2 Be7 50. Bd4 Rd5 51. Bb2 Bd6 52. Rd3 (52. Bg7 {is more complex.} Kg6 53. Bb2 Kf7 54. g4 Rc5 55. gxf5 Rxf5+ 56. Ke4) 52... Rxd3+ 53. exd3 $15 {KB-KB} Kg5 54. Bc1+ Kf6 55. g4 Kg6 56. Bb2 Kf7 57. Bc1 Ke7 58. gxf5 exf5 59. Ke3 Be5 60. d4 (60. Kf3 $15) 60... Bg7 (60... Bd6 {is interesting.} 61. Kd3 Ke6 62. Kc3 Kd5 63. Kb3 Kxd4 64. a4 bxa4+ 65. Kxa4 Kc4) 61. Kd3 Ke6 62. Kc3 {[#]} Bf8 $1 {Threatens to win with ...Kd5.} 63. Kb3 Kd5 64. a4 bxa4+ 65. Kxa4 Kxd4 {Hoping for ...Bd6.} 66. Kb5 Kd5 67. Ka4 Kc4 {[#] Strongly threatening ...Bd6.} 68. Bf4 Bc5 {White must now prevent ...Bd4.} 69. Bg3 Bd4 {...Be3 is the strong threat.} 70. Bc7 Kd5 {And now ...Kc4 would win.} 71. Kb3 $1 Be5 72. Bd8 f4 (72... Ke4 $15 73. Kc2 f4) 73. Kc2 $1 $11 {The position is equal.} Ke4 {aiming for ...Kf3.} 74. Kd2 Kf3 75. Bg5 $1 {Accuracy: White = 73%, Black = 57%.} 1/2-1/2